书目信息 |
| 题名: |
内燃机司机读本
|
|
| 作者: | ;川南石油矿务局隆昌技工学校 编 | |
| 分册: | ||
| 出版信息: | 北京 石油化学工业出版社 1973 |
|
| 页数: | 217页 | |
| 开本: | 19cm | |
| 丛书名: | ||
| 单 册: | ||
| 中图分类: | U262 | |
| 科图分类: | ||
| 主题词: | 机车工程 | |
| 电子资源: | ||
| ISBN: | ||
| 000 | 00735nam0 2200229 45 | |
| 001 | 0175000195 | |
| 005 | 20060705144330.71 | |
| 010 | @dCNY0.50 | |
| 091 | @a15063.2007(油-4) | |
| 100 | @a19950109d1973 em y0chiy0121 ea | |
| 101 | 0 | @achi |
| 102 | @aCN@b110000 | |
| 105 | @ay z 000yy | |
| 200 | 10 | @a内燃机司机读本@Anei ran ji si ji du ben@f川南石油矿务局隆昌技工学校编@Fchuan nan shi you kuang wu ju long chang ji gong xue xiao bian |
| 205 | @a修订本 | |
| 210 | @a北京@c石油化学工业出版社@d1973 | |
| 215 | @a217页@d19cm | |
| 606 | @a机车工程 | |
| 690 | @aU262@v4 | |
| 711 | 02 | @a川南石油矿务局隆昌技工学校@Achuan nan shi you kuang wu ju long chang ji gong xue xiao@4编 |
| 801 | 0 | @aCN@bTSSF@c20060705 |
| 905 | @a10447@dU262@e2 | |
| 内燃机司机读本/川南石油矿务局隆昌技工学校编.-修订本.-北京:石油化学工业出版社,1973 |
| 217页;19cm |
| ISBN :CNY0.50 |
| ● |
| 相关链接 |
|
|
|
|
正题名:内燃机司机读本
索取号:U262/2
 
预约/预借
| 序号 | 登录号 | 条形码 | 馆藏地/架位号 | 状态 | 备注 |
| 1 | 0017553 | 001483415 | 密集书库/ [索取号:U262/2] | 在馆 |